|
|
|
|
| LEADER |
00000nam a2200000 a 4500 |
| 001 |
vtls001470795 |
| 003 |
SK-MaSNL |
| 005 |
20260302073457.0 |
| 008 |
251113s2004 xo a g 0 slo |
| 015 |
|
|
|a SNBA2004/06-03231
|
| 020 |
|
|
|a 8071458163
|
| 035 |
|
|
|a SNK000426099
|
| 040 |
|
|
|a SNK
|b slo
|c SNK
|e AACR2
|
| 041 |
0 |
|
|a slo
|
| 044 |
|
|
|a xo
|c SK
|
| 072 |
|
7 |
|a 523/524
|x Slnečná sústava. Hviezdy. Vesmír
|2 konspekt
|
| 080 |
|
|
|a 523.64(0.053.2)
|2 2. slo
|
| 080 |
|
|
|a 523.681
|2 2. slo
|
| 080 |
|
|
|a 523.64
|2 1981
|
| 080 |
|
|
|a 523.681
|2 1981
|
| 080 |
|
|
|a 520:001.891
|2 1981
|
| 080 |
|
|
|a (0.053.2)
|2 1981
|
| 080 |
|
|
|a (041)
|2 1981
|
| 100 |
1 |
|
|a Masson, Antonin
|4 aut
|9 737948
|
| 240 |
1 |
0 |
|a Cométes et météorites
|l Slovensky
|
| 245 |
1 |
|
|a Kométy a meteority
|c Antonin Masson ; ilustrácie Frédéric Pillot a Alexandre Roane ; [z francúzskeho originálu preložila Tatiana Žáryová]
|
| 250 |
|
|
|a 1. slov. vyd.
|
| 260 |
|
|
|a Bratislava
|b Slovart
|c c2004
|
| 300 |
|
|
|a 31 s.
|b fareb.
|c 20 cm
|
| 490 |
1 |
|
|a Zápisníky z prírody
|
| 500 |
|
|
|a Fareb. ilustr. na tit. strane
|
| 504 |
|
|
|a Reg.
|
| 650 |
0 |
7 |
|a kométy
|2 SNKPH
|9 2408
|
| 650 |
0 |
7 |
|a meteority
|2 SNKPH
|9 2410
|
| 650 |
0 |
7 |
|a kozmický výskum
|2 SNKPH
|9 28861
|
| 655 |
|
7 |
|a príručky
|2 SNKPH
|9 74364
|
| 655 |
|
7 |
|a publikácie pre deti
|2 SNKPH
|9 70148
|
| 655 |
|
7 |
|a brožúry
|2 SNKPH
|9 70146
|
| 700 |
1 |
|
|a Pillot, Frédéric
|4 ill
|9 62826
|
| 700 |
1 |
|
|a Roane, Alexandre
|4 ill
|9 737949
|
| 700 |
1 |
|
|a Žáryová, Tatiana
|4 trl
|9 12490
|
| 730 |
|
|
|a Cométes et météorites
|9 737950
|
| 830 |
|
0 |
|a Zápisníky z prírody
|9 640644
|
| 919 |
|
|
|a 80-7145-816-3
|
| 958 |
|
|
|a OP
|
| 958 |
|
|
|a NS
|
| 958 |
|
|
|a DB
|
| 968 |
|
|
|b FR
|d 52
|
| 999 |
|
|
|c 1161002
|d 1162932
|
| 952 |
|
|
|t P60, <03>, [BOOK], {603}
|a SNK
|b SNK
|y PREZ
|7 0
|p 17A0420119
|o snkSD 73680
|i snkKSP 3938/2004
|0 0
|1 0
|4 0
|d 2004-03-16
|l 0
|r 2025-11-20 00:00:00
|w 2026-02-24
|
| 952 |
|
|
|t P60, <04>, [BOOK], {604}
|a SNK
|b SNK
|y VYP
|7 0
|p 17A0420225
|o snkSD 73680 D1
|i snkKSP 3939/2004
|0 0
|1 0
|4 0
|d 2004-03-16
|l 0
|r 2005-01-02 00:00:00
|w 2026-02-24
|